000 00818cab a2200229 4500
001 WB3018-38
008 090401t1994 xxu||||| |||| 00| 0 eng d
035 _a(Sirsi) u47323
041 _aeng
245 _aMining guidelines
260 _c1994
350 _a0
490 _aCSM (Chartered Surveyor Monthly)
_v3 (8) May 1994, 5&6(1)
520 _aDoE guidelines on the dangers of old mineshafts are published in Mineral Planning Guidance Note No 12. The DOE also proposes a timetable for the review and updating of planning permissions granted between 1948 and 1981. Details are contained in a consultation paper.
650 _aABANDONED MINESHAFTS
650 _aCONSULTATION PAPER
650 _aMINERAL PLANNING
650 _aMPG12
690 _aMINING AND MINERALS
942 _n0
948 _c04/03/1997
999 _c29846
_d29846